Nations, identities, cultures. (Record no. 10439)
[ view plain ]
| 000 -LEADER | |
|---|---|
| fixed length control field | 00422cam a2200157 4500 |
| 001 - CONTROL NUMBER | |
| control field | 6656 |
| 005 - DATE AND TIME OF LATEST TRANSACTION | |
| control field | 20250624110943.0 |
| 008 - FIXED-LENGTH DATA ELEMENTS--GENERAL INFORMATION | |
| fixed length control field | 250523b |||||||| |||| 00| 0 eng d |
| 020 ## - INTERNATIONAL STANDARD BOOK NUMBER | |
| International Standard Book Number | 9780822320654 |
| 082 ## - DEWEY DECIMAL CLASSIFICATION NUMBER | |
| Classification number | 303.482 MUD |
| 100 1# - MAIN ENTRY--PERSONAL NAME | |
| Personal name | Mudimbe, V. Y. (Ed.) |
| 245 10 - TITLE STATEMENT | |
| Title | Nations, identities, cultures. |
| 264 #1 - PRODUCTION, PUBLICATION, DISTRIBUTION, MANUFACTURE, AND COPYRIGHT NOTICE | |
| Place of production, publication, distribution, manufacture | London; |
| Name of producer, publisher, distributor, manufacturer | Duke University Press, |
| Date of production, publication, distribution, manufacture, or copyright notice | 1997. |
| 300 ## - PHYSICAL DESCRIPTION | |
| Extent | iv, 223 p. ; |
| Dimensions | 26 cm. |
| Other physical details | ill. ; |
| 942 ## - ADDED ENTRY ELEMENTS (KOHA) | |
| Source of classification or shelving scheme | Dewey Decimal Classification |
| Koha item type | Main |
| Withdrawn status | Lost status | Source of classification or shelving scheme | Damaged status | Not for loan | Collection code | Home library | Current library | Shelving location | Date acquired | Inventory number | Total Checkouts | Full call number | Barcode | Date last seen | Price effective from | Koha item type | Public note |
|---|---|---|---|---|---|---|---|---|---|---|---|---|---|---|---|---|---|
| Dewey Decimal Classification | Main TEST | RTC Library | RTC Library | Main opac | 24/06/2025 | 19524 | 303.482 MUD | 30020742 | 24/06/2025 | 24/06/2025 | Main | Donated by Dr. Dolma |